000 00627nam a2200241Ia 4500
003 OSt
005 20220918202555.0
006 a|||||r|||| 00| 0
007 ta
008 220917b |||||||| |||| 00| 0 eng d
024 _a102,236
037 _cTextual
040 _aARTS
_cARTS
_beng
041 _2eng
_aeng
082 _aV236:51.N29<-N05, L7
100 _aMittal S C
245 0 _aFreedom movement in Punjab, 1905-29
260 _aDelhi
_bConcept
_c1977
300 _a256p.
_ccm.
650 _aHISTORY
942 _hV236:51.N29<-N05, L7
_cTEXL
_2CC
999 _c225696
_d225696